Statistics for Mediterranean Geography by Letter - E

Click here to take the quiz!

General Stats

  • This quiz has been taken 626 times
  • The average score is 4 of 15

Answer Stats

HintAnswer% Correct
Volcano in Sicily?Mt. Etna
95%
Island that Napoleon was exiled to?Elba
81%
Current President of Turkey?Erdoğan, Recep Tayyip
53%
Civilization that was a precursor, influence, and rival of the Roman Republic?Etruscan
39%
MisrEgypt
37%
Region in Northern Italy whose capital is Bologna?Emilia-Romagna
29%
Turkish city that is host to the ruins of one of the 7 wonders of the ancient world?Ephesus
25%
Second largest Greek island?Euboea
24%
Southern Israeli city known for tourism and its busy port?Eilat
22%
Northern Greek city with a name that means 'City of waters'?Edessa
9%
Capital of the Cyclades archipelago?Ermoupoli
8%
Small Moroccan port town situated in the Rif mountains?El Jebha
3%
City in North-Eastern Algeria whose name is Arabic for 'The River'?El Oued
3%
Spanish island said to be 3rd most magnetic spot on Earth?Es Vedrà
3%
Bishop from Antioch who was martyred in Armenia and was later beatified?St. Eustratius
1%

Score Distribution

Percentile by Number Answered

Percent of People with Each Score

Your Score History

You have not taken this quiz